El hombre y Dios
Guardat en:
| Autor principal: | |
|---|---|
| Format: | Llibre |
| Idioma: | espanyol |
| Publicat: |
Madrid
Alianza
1994
|
| Edició: | 5a. ed |
| Matèries: | |
| Etiquetes: |
Afegir etiqueta
Sense etiquetes, Sigues el primer a etiquetar aquest registre!
|
MARC
| LEADER | 00000nam a2200000 a 4500 | ||
|---|---|---|---|
| 001 | UCY5067 | ||
| 003 | CL-VaPUC | ||
| 008 | 950411e19940000SP |||||||||||||||||spa|d | ||
| 020 | |a 8420690236 | ||
| 082 | 0 | 4 | |a 128 |b ZUB |2 21 |
| 100 | 0 | |a Zubiri, Xavier |e author |9 216 | |
| 245 | 1 | 3 | |a El hombre y Dios |
| 250 | |a 5a. ed | ||
| 300 | |a 414 p | ||
| 942 | |c BK | ||
| 945 | |d 19950411 00:00:00 |a aalvarez | ||
| 260 | |a Madrid |b Alianza |c 1994 | ||
| 650 | 7 | |a HOMBRE |2 CL-VaPUC |9 262149 | |
| 650 | 0 | |a Teología cristiana |9 308336 | |
| 650 | 7 | |a UNION MISTICA |2 CL-VaPUC |9 308337 | |
| 583 | |a last modification |c 19950411 00:00:00 |k Rodrigo Vera | ||
| 999 | |c 232795 |d 232793 | ||
| 952 | |0 0 |1 0 |4 0 |6 128_000000000000000_ZUB_1994 |7 0 |8 A |9 237683 |a BIBCUR |b BIBCUR |d 2019-11-15 |i 3074625 |o 128 ZUB 1994 |p 3074625 |r 2025-04-22 |w 2019-11-15 |y BK |k PER | ||
| 952 | |0 0 |1 0 |4 0 |6 128_000000000000000_ZUB_1994 |7 0 |8 A |9 237684 |a BIBCUR |b BIBCUR |d 2019-11-15 |i 3072592 |o 128 ZUB 1994 |p 3072592 |r 2025-04-22 |w 2019-11-15 |y BK |k PER | ||
| 952 | |0 0 |1 0 |2 ddc |4 0 |6 128_000000000000000_ZUB_1994 |7 0 |8 P |9 237685 |a BIBARQ |b BIBARQ |d 2019-11-15 |i 3483800 |o 128 ZUB 1994 |p 3483800 |r 2025-01-20 |w 2019-11-15 |y BK |k ARQ | ||
| 952 | |0 0 |1 2 |4 0 |6 128_000000000000000_ZUB_1994 |7 0 |8 A |9 237686 |a BIBTEO |b BIBTEO |d 2019-11-15 |i 4063880 |o 128 ZUB 1994 |p 4063880 |r 2019-11-15 |w 2019-11-15 |y BK |k ICR | ||